[Event "España ch 2010 sub18"]
[Site "Linares ESP"]
[Date "2010.08.01"]
[Round "9.15"]
[White "Perera Borrego, Mariela"]
[Black "Anaya Lopez, Victor Jose"]
[Result "1/2-1/2"]
[WhiteElo "2068"]
[BlackElo "2165"]
[PlyCount "62"]
[EventDate "2010.07.26"]
[EventType "swiss"]
[EventRounds "9"]
[EventCountry "ESP"]
[Source "lmi"]
[SourceDate "2010.07.26"]

1. d4 c5 2. d5 Nf6 3. Nf3 d6 4. Nc3 g6 5. e4 Bg7 6. Bc4 O-O 7. O-O Bg4 8. h3
Bxf3 9. Qxf3 Na6 10. Bf4 Nd7 11. Qe2 Nc7 12. Bg3 Rb8 13. a4 a6 14. a5 b5 15.
axb6 Rxb6 16. Na4 Rb8 17. Bxa6 Nxa6 18. Qxa6 Bxb2 19. Rab1 Bg7 20. Rb7 Rxb7 21.
Qxb7 Nf6 22. Nc3 Qa5 23. Qb3 Nh5 24. Ne2 Ra8 25. Rb1 Qd2 26. Qd3 Qxd3 27. cxd3
Nxg3 28. Nxg3 Ra3 29. Rd1 h5 30. Ne2 Kf8 31. g3 Ra2 1/2-1/2